<?xml version="1.0" encoding="UTF-8"?>
<record
    xmlns:xsi="http://www.w3.org/2001/XMLSchema-instance"
    xsi:schemaLocation="http://www.loc.gov/MARC21/slim http://www.loc.gov/standards/marcxml/schema/MARC21slim.xsd"
    xmlns="http://www.loc.gov/MARC21/slim">

  <leader>01324nac a22002411u 4500</leader>
  <controlfield tag="008">101219s1977    xxu||||| |||| 00| 0 ara d</controlfield>
  <datafield tag="020" ind1=" " ind2=" ">
    <subfield code="a">70658205 (&#x62C;1)</subfield>
  </datafield>
  <datafield tag="020" ind1=" " ind2=" ">
    <subfield code="a">70658107 (&#x62C; 2)</subfield>
  </datafield>
  <datafield tag="082" ind1=" " ind2=" ">
    <subfield code="a">671.522</subfield>
    <subfield code="b">&#x641; &#x648; &#x62A;</subfield>
  </datafield>
  <datafield tag="100" ind1="1" ind2=" ">
    <subfield code="a">&#x641;&#x648;&#x62A;&#x643;&#x647; &#x60C; &#x641;&#x64A;&#x644;&#x64A;&#x643;&#x633;</subfield>
    <subfield code="9">21548</subfield>
  </datafield>
  <datafield tag="245" ind1=" " ind2=" ">
    <subfield code="a">&#x627;&#x644;&#x644;&#x62D;&#x627;&#x645; &#x628;&#x627;&#x644;&#x63A;&#x627;&#x632; /</subfield>
    <subfield code="c">&#x641;&#x64A;&#x644;&#x64A;&#x643;&#x633; &#x641;&#x648;&#x62A;&#x643;&#x647; &#x61B; &#x62A;&#x631;&#x62C;&#x645;&#x629; &#x62D;&#x633;&#x646; &#x645;&#x62D;&#x645;&#x648;&#x62F; &#x627;&#x633;&#x645;&#x627;&#x639;&#x64A;&#x644; &#x61B; &#x625;&#x634;&#x631;&#x627;&#x641; &#x623;&#x646;&#x648;&#x631; &#x645;&#x62D;&#x645;&#x648;&#x62F; &#x639;&#x628;&#x62F; &#x627;&#x644;&#x648;&#x627;&#x62D;&#x62F;</subfield>
  </datafield>
  <datafield tag="260" ind1=" " ind2=" ">
    <subfield code="a">&#x627;&#x644;&#x642;&#x627;&#x647;&#x631;&#x629; :</subfield>
    <subfield code="b">&#x645;&#x624;&#x633;&#x633;&#x629; &#x627;&#x644;&#x623;&#x647;&#x631;&#x627;&#x645; &#x60C;1977</subfield>
    <subfield code="c">1977.</subfield>
  </datafield>
  <datafield tag="300" ind1=" " ind2=" ">
    <subfield code="a">2 &#x62C; :</subfield>
    <subfield code="b">&#x627;&#x64A;&#x636; &#x61B;</subfield>
    <subfield code="c">18 &#x633;&#x645;.</subfield>
  </datafield>
  <datafield tag="490" ind1=" " ind2="0">
    <subfield code="9">17331</subfield>
    <subfield code="a">&#x627;&#x644;&#x623;&#x633;&#x633; &#x627;&#x644;&#x62A;&#x643;&#x646;&#x648;&#x644;&#x648;&#x62C;&#x64A;&#x629; &#x61B;</subfield>
    <subfield code="n">8</subfield>
  </datafield>
  <datafield tag="490" ind1=" " ind2="0">
    <subfield code="9">17331</subfield>
    <subfield code="a">&#x627;&#x644;&#x623;&#x633;&#x633; &#x627;&#x644;&#x62A;&#x643;&#x646;&#x648;&#x644;&#x648;&#x62C;&#x64A;&#x629; &#x61B;</subfield>
    <subfield code="n">9</subfield>
  </datafield>
  <datafield tag="650" ind1=" " ind2=" ">
    <subfield code="a">&#x627;&#x644;&#x644;&#x62D;&#x627;&#x645; &#x628;&#x627;&#x644;&#x63A;&#x627;&#x632;</subfield>
    <subfield code="9">21550</subfield>
  </datafield>
  <datafield tag="650" ind1=" " ind2=" ">
    <subfield code="a">&#x644;&#x62D;&#x627;&#x645; &#x627;&#x644;&#x645;&#x639;&#x627;&#x62F;&#x646;</subfield>
    <subfield code="9">21549</subfield>
  </datafield>
  <datafield tag="700" ind1="1" ind2=" ">
    <subfield code="a">&#x627;&#x633;&#x645;&#x627;&#x639;&#x64A;&#x644; &#x60C; &#x62D;&#x633;&#x646; &#x645;&#x62D;&#x645;&#x648;&#x62F;</subfield>
    <subfield code="9">21551</subfield>
    <subfield code="e">&#x62A;&#x631;&#x62C;&#x645;&#x629;</subfield>
  </datafield>
  <datafield tag="700" ind1="1" ind2=" ">
    <subfield code="a">&#x639;&#x628;&#x62F; &#x627;&#x644;&#x648;&#x627;&#x62D;&#x62F; &#x60C; &#x623;&#x646;&#x648;&#x631; &#x645;&#x62D;&#x645;&#x648;&#x62F;</subfield>
    <subfield code="9">21593</subfield>
    <subfield code="e">&#x625;&#x634;&#x631;&#x627;&#x641;</subfield>
  </datafield>
  <datafield tag="942" ind1=" " ind2=" ">
    <subfield code="c">BB</subfield>
    <subfield code="k">671.522 &#x641; &#x648; &#x62A;</subfield>
    <subfield code="2">ddc</subfield>
  </datafield>
  <datafield tag="999" ind1=" " ind2=" ">
    <subfield code="c">6328</subfield>
    <subfield code="d">6328</subfield>
  </datafield>
  <datafield tag="952" ind1=" " ind2=" ">
    <subfield code="0">0</subfield>
    <subfield code="1">0</subfield>
    <subfield code="2">ddc</subfield>
    <subfield code="4">0</subfield>
    <subfield code="7">0</subfield>
    <subfield code="8">Alef-Baa</subfield>
    <subfield code="a">MAIN</subfield>
    <subfield code="b">MAIN</subfield>
    <subfield code="c">1ST</subfield>
    <subfield code="d">2011-01-16</subfield>
    <subfield code="e">purchase</subfield>
    <subfield code="o">671.522 &#x641; &#x648; &#x62A;</subfield>
    <subfield code="p">000007758</subfield>
    <subfield code="r">2025-07-15 00:00:00</subfield>
    <subfield code="y">BB</subfield>
    <subfield code="z">&#x62C;1</subfield>
  </datafield>
  <datafield tag="952" ind1=" " ind2=" ">
    <subfield code="0">0</subfield>
    <subfield code="1">0</subfield>
    <subfield code="2">ddc</subfield>
    <subfield code="4">0</subfield>
    <subfield code="7">0</subfield>
    <subfield code="8">Alef-Baa</subfield>
    <subfield code="a">MAIN</subfield>
    <subfield code="b">MAIN</subfield>
    <subfield code="c">1ST</subfield>
    <subfield code="d">2010-12-20</subfield>
    <subfield code="e">Purchase</subfield>
    <subfield code="o">671.522 &#x641; &#x648; &#x62A;</subfield>
    <subfield code="p">000007761</subfield>
    <subfield code="r">2025-07-15 00:00:00</subfield>
    <subfield code="y">BB</subfield>
    <subfield code="z">&#x62C;2</subfield>
  </datafield>
</record>
